Statistics for Ranking all Browns WR, TE 2021

Click here to take the quiz!

General Stats

  • This quiz has been taken 19 times
  • The average score is 3 of 7

Answer Stats

HintAnswer% Correct
1.Jarvis Landry
100%
7.Austin Hooper
42%
2.Donovan Peoples- Jones
42%
3.David Njoku
33%
5.Harrison Bryant
33%
6.Anthony Shwartz
8%
4.Richard Higgins
8%

Score Distribution

Percentile by Number Answered

Percent of People with Each Score

Your Score History

You have not taken this quiz